Un lento aprendizaje /

Kaydedildi:
Detaylı Bibliyografya
Yazar: Pynchon, Thomas (autor)
Materyal Türü: Kitap
Dil:İspanyolca
Baskı/Yayın Bilgisi: México : Tusquets, 2013, c2013
Seri Bilgileri:(Fábula Tusquets ; Biblioteca Thomas Pynchon) 331.
Konular:
Etiketler: Etiketle
Etiket eklenmemiş, İlk siz ekleyin!

MARC

LEADER 00000nam^a2200000^a^4500
001 000354005
005 20250521000000.0
009 20260310115123.177
020 |a 978-607-421-450-5 
037 |a Acervo ITESO - Biblioteca 
041 |a ESP 
082 |a 813.  |b PYN 
100 |a Pynchon, Thomas  |e (autor) 
245 1 3 |a Un lento aprendizaje /  |c T. Pynchon ; tr. por Jordi Fibla. 
264 4 |a México :  |b Tusquets,  |c 2013, c2013 
300 |a 208 p. 
336 |a texto  |b txt  |2 rdacontenido 
337 |a sin mediación  |b n  |2 rdamedio 
338 |a volumen  |b nc  |2 rdasoporte 
440 1 |a (Fábula Tusquets ;  |v 331.  |p Biblioteca Thomas Pynchon) 
500 |a Traducción de: Slow Learner 
545 0 |a Thomas Pynchon (1937), importante novelista norteamericano representante del posmodernismo. Su narrativa ofrece una brillante manipulación del lenguaje y logra un estilo maximalista que resulta de gran dificultad y complejidad estilística y estructural; algunos críticos lo consideran paranoico o histérico; otros, simplemente complejo, denso y laberíntico. A través de sus novelas hace una parodia de la sociedad contemporánea y del establishment, por lo que temas recurrentes en su obra son la entropía, la decadencia de la sociedad, el sentido de la ciencia, el poder del Estado, el control social y la manipulación de la tecnología. Ha escrito las novelas V.; La subasta del lote 49; El arco iris de gravedad; Vineland; Mason y Dixon; Contraluz; Vicio propio y Bleeding Edge, así como el libro de cuentos Lento aprendizaje. 
649 |a XX 
650 |a Cuentos Norteamericanos 
650 |a Literatura Norteamericana -  |y Siglo XX 
910 |a Fondo General 
920 |a Impresos - Libros 
930 |a Colección General 
940 |a Literatura 
905 |a 101 
901 |a 0500247401  |b IT1  |c LIT  |i C145609  |u 20250521 
902 |a https://opac.biblio.iteso.mx/vufind/Record/000354005